00465nam a2200133Ia 4500008004100000100002200041245006400063260001600127300001200143650001600155856006800171999001900239952007300258160712s9999 xx 000 0 und d aAlvarez, Kerby C. cKerby C. AlvarezaContestations of Memory in Southeast Asia c2013bHukay avol. 18 xARCHAEOLOGY uhttp://journals.upd.edu.ph/index.php/asp/issue/view/408/showToc c297260d297260 001040aCLbCLd2016-07-12l0r2016-07-12 00:00:00w2016-07-12yFEJ